Normal view
MARC view
- Philosophy-MS-THESIS
Entry Topical Term
001 - CONTROL NUMBER
- control field: 31028
003 - CONTROL NUMBER IDENTIFIER
- control field: NUST
005 - DATE AND TIME OF LATEST TRANSACTION
- control field: 20200930125452.0
008 - FIXED-LENGTH DATA ELEMENTS
- fixed length control field: 200930|| aca||aabn | a|a d
040 ## - CATALOGING SOURCE
- Original cataloging agency: NUST
- Transcribing agency: NUST
150 ## - HEADING--TOPICAL TERM
- Topical term or geographic name entry element: Philosophy-MS-THESIS
670 ## - SOURCE DATA FOUND
- Source citation: Work cat.: (NUST): Qaisrani, Mehwish Nawaz 31027, Effect of Selective and Non Selective Cyclooxygenase Inhibitors on Aspirin Induces Anti Thrombotic Effects / , 2013.
